Central Library OPAC University of Rajshahi

Trade union movement in India : (Record no. 52043)

MARC details
000 -LEADER
fixed length control field 00878cam a2200277 a 4500
001 - CONTROL NUMBER
control field 52043
003 - CONTROL NUMBER IDENTIFIER
rucl marc code BD-RjUL
005 - DATE AND TIME OF LATEST TRANSACTION
control field 20211209075739.0
008 - FIXED-LENGTH DATA ELEMENTS--GENERAL INFORMATION
fixed length control field 160905s1990 ii b 001 0 eng
020 ## - INTERNATIONAL STANDARD BOOK NUMBER
International Standard Book Number 8185195285 :
Terms of availability Rs100.00
035 ## - SYSTEM CONTROL NUMBER
System control number (BD-RjUL)52163
040 ## - CATALOGING SOURCE
Original cataloging agency DLC
Transcribing agency DLC
Modifying agency DLC
Language of cataloging eng
041 ## - LANGUAGE CODE
Language code of text/sound track or separate title eng
082 ## - DEWEY DECIMAL CLASSIFICATION NUMBER
Edition number 23
Classification number 331.880954
Author mark and year ROT 1990
100 1# - MAIN ENTRY--PERSONAL NAME
Personal name Roy, Dipti Kumar.
9 (RLIN) 155642
245 10 - TITLE STATEMENT
Title Trade union movement in India :
Remainder of title role of M.N. Roy /
Statement of responsibility, etc. Dipti Kumar Roy.
260 ## - PUBLICATION, DISTRIBUTION, ETC. (IMPRINT)
Place of publication, distribution, etc. Calcutta, India :
Name of publisher, distributor, etc. Minerva,
Date of publication, distribution, etc. 1990.
300 ## - PHYSICAL DESCRIPTION
Pagination 146 p. ;
Size 24 cm.
500 ## - GENERAL NOTE
General note Includes index.
504 ## - BIBLIOGRAPHY, ETC. NOTE
Bibliography, etc Includes bibliographical references (p. [137]-143).
600 10 - SUBJECT ADDED ENTRY--PERSONAL NAME
Personal name Roy, M. N. (Manabendra Nath),
Dates associated with a name 1887-1954.
610 20 - SUBJECT ADDED ENTRY--CORPORATE NAME
Corporate name or jurisdiction name as entry element Indian Federation of Labour
Corporate name or jurisdiction name as entry element Labor unions
Geographic subdivision India
942 ## - ADDED ENTRY ELEMENTS (KOHA)
Source of classification or shelving scheme Dewey Decimal Classification
Koha item type Books
Holdings
Lost status Source of classification or shelving scheme Damaged status Not for loan Collection code Permanent Location Current Location Shelving location Date acquired Source of acquisition Cost, normal purchase price Total Checkouts Full call number Date last seen Copy number Koha item type
  Dewey Decimal Classification     Non-fiction Central Library, University of Rajshahi Central Library, University of Rajshahi   30/07/1996 Ankor Dhaka 100.00   331.880954 ROT 1990 05/09/2016 C-2 Books
  Dewey Decimal Classification   Not For Loan Non-fiction Central Library, University of Rajshahi Central Library, University of Rajshahi Reading Room 30/07/1996 Ankur Prokasoni, Dhaka 100.00   331.880954 ROT 1990 18/12/2016 C-1 Books